[Event "Mont de Marsan op 6th"]
[Site "Mont de Marsan"]
[Date "2006.12.27"]
[Round "4"]
[White "Akif, Sebastien"]
[Black "Lutz, Andre"]
[Result "1-0"]
[WhiteElo "1330"]
[BlackElo "1310"]
[PlyCount "85"]
[EventDate "2006.12.26"]
[EventType "swiss"]
[EventRounds "9"]
[EventCountry "FRA"]
[SourceTitle "CBM 116 Extra"]
[Source "ChessBase"]
[SourceDate "2007.03.07"]
[SourceVersion "1"]
[SourceVersionDate "2007.03.07"]
[SourceQuality "1"]

1. e4 e5 2. f4 exf4 3. Nf3 Nc6 4. Bc4 h6 5. d4 d6 6. Bxf4 Be7 7. 0-0 f6 8. c3 Qd7 9. Bb5 a6 10. Ba4 b5 11. Bb3 Bb7 12. Bd5 g5 13. Be3 0-0-0 14. a4 b4 15. cxb4 f5 16. b5 Nf6 17. bxc6 Bxc6 18. Bxc6 Qxc6 19. e5 Ne4 20. exd6 Bxd6 21. Qd3 f4 22. d5 Qb7 23. Bd4 Rhe8 24. Nc3 Qb3 25. Qxa6+ Qb7 26. Qxb7+ Kxb7 27. Nxe4 Rxe4 28. Rfe1 Rde8 29. Rxe4 Rxe4 30. Re1 Rxe1+ 31. Nxe1 c6 32. dxc6+ Kxc6 33. Nd3 g4 34. b4 Kd5 35. Bc5 Bb8 36. a5 Kc4 37. Nf2 h5 38. a6 Kb5 39. a7 Bxa7 40. Bxa7 Kxb4 41. h3 g3 42. Ng4 hxg4 43. h4 1-0

[Event "Mont de Marsan op 6th"]
[Site "Mont de Marsan"]
[Date "2006.12.26"]
[Round "2"]
[White "Akif, Sebastien"]
[Black "Dubos, Patricia"]
[Result "0-1"]
[WhiteElo "1330"]
[BlackElo "1350"]
[PlyCount "52"]
[EventDate "2006.12.26"]
[EventType "swiss"]
[EventRounds "9"]
[EventCountry "FRA"]
[SourceTitle "CBM 116 Extra"]
[Source "ChessBase"]
[SourceDate "2007.03.07"]
[SourceVersion "1"]
[SourceVersionDate "2007.03.07"]
[SourceQuality "1"]

1. e4 e5 2. Nf3 Nc6 3. Nc3 Bc5 4. d3 Nf6 5. Bg5 d6 6. Nd5 Be6 7. Nxf6+ gxf6 8. Bh6 Qd7 9. Bg7 Rg8 10. Bxf6 d5 11. exd5 Bxd5 12. Bxe5 Nxe5 13. Nxe5 Qe6 14. Qe2 0-0-0 15. Nf3 Qb6 16. Qd2 Qxb2 17. Rc1 Qxa2 18. d4 Rge8+ 19. Kd1 Ba3 20. Qa5 Bxf3+ 21. gxf3 Rxd4+ 22. Qd2 Rxd2+ 23. Kxd2 Qd5+ 24. Bd3 Qa5+ 25. Kd1 Bxc1 26. Kxc1 Qa1+ 0-1

[Event "Mont de Marsan op"]
[Site "Mont de Marsan"]
[Date "2005.12.28"]
[Round "6"]
[White "Petitcolas, Louis"]
[Black "Akif, Sebastien"]
[Result "0-1"]
[WhiteElo "1009"]
[BlackElo "1010"]
[PlyCount "42"]
[EventDate "2005.12.26"]
[EventType "swiss"]
[EventRounds "7"]
[EventCountry "FRA"]
[SourceTitle "CBM 110 Extra"]
[Source "ChessBase"]
[SourceDate "2006.03.10"]
[SourceVersion "2"]
[SourceVersionDate "2006.03.10"]
[SourceQuality "1"]

1. e4 e5 2. Nf3 Nc6 3. Nc3 Nf6 4. Bc4 Bb4 5. 0-0 Bxc3 6. bxc3 Nxe4 7. Ba3 d6 8. Bd5 Ng5 9. Nh4 Nh3+ 10. Kh1 Qxh4 11. g3 Qf6 12. Qh5 0-0 13. Be4 g6 14. Qh6 Bg4 15. f3 Bf5 16. Bd5 Ne7 17. Bxb7 Rab8 18. Ba6 e4 19. f4 e3 20. dxe3 Be4+ 21. Rf3 Bxf3# 0-1

[Event "Mont de Marsan op"]
[Site "Mont de Marsan"]
[Date "2005.12.27"]
[Round "4"]
[White "Tabaroni, Serge"]
[Black "Akif, Sebastien"]
[Result "1-0"]
[WhiteElo "1510"]
[BlackElo "1010"]
[PlyCount "59"]
[EventDate "2005.12.26"]
[EventType "swiss"]
[EventRounds "7"]
[EventCountry "FRA"]
[SourceTitle "CBM 110 Extra"]
[Source "ChessBase"]
[SourceDate "2006.03.10"]
[SourceVersion "2"]
[SourceVersionDate "2006.03.10"]
[SourceQuality "1"]

1. e4 e5 2. Nf3 Nc6 3. Bc4 Nf6 4. Ng5 d5 5. exd5 Nxd5 6. d4 Be7 7. Qf3 Bxg5 8. Bxd5 f6 9. Bxg5 Nxd4 10. Qe4 Bf5 11. Be3 Bxe4 12. Bxe4 0-0 13. Nc3 c6 14. 0-0 f5 15. Bd3 e4 16. Bc4+ Kh8 17. Rad1 c5 18. a3 Qf6 19. Nd5 Qe5 20. Bf4 Qe8 21. Nc7 Qc8 22. c3 Nc6 23. Nxa8 Qxa8 24. Rd7 Re8 25. Rfd1 Ne5 26. Bxe5 h6 27. Bxg7+ Kh7 28. R1d6 Re6 29. Rxe6 Kg8 30. Rxh6# 1-0